Normal view
MARC view
- Project Supervisors Dr. Bilal Ahmed Anjum Muhammad Umair Akhtar
Entry Personal Name
001 - CONTROL NUMBER
- control field: 73110
003 - CONTROL NUMBER IDENTIFIER
- control field: NUST
005 - DATE AND TIME OF LATEST TRANSACTION
- control field: 20210628204953.0
008 - FIXED-LENGTH DATA ELEMENTS
- fixed length control field: 210628|| aca||aabn | a|a d
040 ## - CATALOGING SOURCE
- Original cataloging agency: NUST
- Transcribing agency: NUST
100 ## - HEADING--PERSONAL NAME
- Personal name: Project Supervisors Dr. Bilal Ahmed Anjum Muhammad Umair Akhtar
670 ## - SOURCE DATA FOUND
- Source citation: Work cat.: (NUST): NS Muhammad Arqam Zaheer ASC Syed Omer Banuri ASC Arslan Nazir Tarar 73109, PR-SOF-1949-Modelling and Characterization of Carbon Nanotube Based Membranes, 2020
